| 000 | 00821cam a2200253 4500 | ||
|---|---|---|---|
| 001 | M99136 | ||
| 008 | 090401t1999 xxu||||| |||| 00| 0 eng d | ||
| 035 | _a(Sirsi) u93887 | ||
| 041 | _aeng | ||
| 050 | _a333.0062 | ||
| 110 |
_aRoyal Institution of Chartered Surveyors _94900 |
||
| 245 | _aThinking globally acting locally : the second consultation paper from the National and Local Networks Task Force. | ||
| 260 |
_aLondon _bRoyal Institution of Chartered Surveyors _c1999 |
||
| 300 | _a20p. ; 30cm. | ||
| 350 | _a0 | ||
| 650 | _aAGENDA FOR CHANGE | ||
| 650 | _aABOUT RICS-RICS MEMBERS | ||
| 650 | _aLOCAL NETWORKS TASK FORCE | ||
| 650 | _aNATIONAL NETWORKS TASK FORCE | ||
| 650 | _aRICS MEMBERSHIP | ||
| 690 | _aMANAGEMENT-BUSINESS MANAGEMENT-PROFESSIONAL PRACTICE | ||
| 942 | _n0 | ||
| 948 | _c11/06/1999 | ||
| 999 |
_c97868 _d97868 |
||